000 05064nam0a2200505 4500
001 RU\NLR\BIBL_A\012932614
005 20221227180821.0
010 _a978-5-907407-69-5
_9500
021 _aRU
_bКН-П-22-066407
_9КН-П-22-5765
035 _a(NLR Aleph) 012932614
035 _a(RuMoRGB)011242628
090 _a12679352
_c12679352
100 _a20221107d2022 k y0rusy50 ca
101 0 _arus
_aeng
102 _aRU
105 _aa z 100zy
181 0 _ai3
_baxxe
182 0 _an
200 1 _aПроблемы и перспективы научно-инновационного обеспечения агропромышленного комплекса регионов
_dProblems and prospects of scientific-innovative support of the agro-industrial complex of regions
_eсборник докладов IV международной научно-практической конференции, 13-15 июля 2022 года
_fМинистерство науки и высшего образования Российской Федерации, Российская академия наук [и др.]
_gредакционная коллегия: А. В. Гостев, доктор сельскохозяйственных наук [и др.]
_zeng
203 _aТекст
_bвизуальный
_cнепосредственный
210 _aКурск
_cКурский федеральный аграрный научный центр
_d2022
215 _a624 с.
_cил., табл.
_d20
225 1 _aПриоритет 2030
_eлидерами становятся
300 _aРез. англ.
313 _aКонференция 2020 г.
320 _aБиблиогр. в конце ст.
330 _aПредставленные в сборнике доклады посвящены актуальным проблемам научно-инновационного обеспечения агропромышленного комплекса регионов Российской Федерации и стран ближнего зарубежья: Беларуси, Казахстана, Молдовы и Узбекистана. Рассмотрены актуальные проблемы селекции и семеноводства зерновых культур, перспективы научно-инновационного обеспечения агропромышленного комплекса регионов. Обсуждены приоритетные направления развития инновационных технологий в земледелии и растениеводстве, теоретические и практические аспекты и инновационные достижения в области защиты растений. Показаны инновационные разработки в пищевой и перерабатывающей промышленности, факторы безопасности и показатели качества технологического процесса производства белого кристаллического сахара. Рассмотрены современные перспективы повышения продуктивности и профилактики заболеваний у животных
510 1 _aProblems and prospects of scientific-innovative support of the agro-industrial complex of regions
_zeng
606 1 _aРастениеводство
_jСъезды, совещания и т.п
_xИнновационные технологии
_92283421
_3RU\NLR\AUTH\661367940
606 1 _aЖивотноводство
_jСъезды, совещания и т.п
_xИнновационные технологии
_92562142
_3RU\NLR\AUTH\661515566
606 1 _aВетеринария
_jСъезды, совещания и т.п
_xИнновационные технологии
_92607616
_3RU\NLR\AUTH\661544174
606 1 _aСельскохозяйственные продукты
_jСъезды, совещания и т.п
_xПереработка
_xИнновационные технологии
_92161121
_3RU\NLR\AUTH\661605228
675 _a338.43:332(082)
_v4
686 1 _aП1я431(0)
686 1 _aП5я431(0)
686 1 _aП8я431(0)
686 1 _aЛ80я431(0)
702 1 _aГостев
_bА. В.
_gАндрей Валерьевич
_4340
711 1 2 _a"Проблемы и перспективы научно-инновационного обеспечения агропромышленного комплекса регионов", международная научно-практическая конференция
_d4
_eКурск
_f2022
_9820284
_3RU\NLR\AUTH\880577229
712 0 2 _4557
_aРоссийская академия наук
_9272489
_3RU\NLR\AUTH\881057
942 _cBOOK
980 _aNB